Noah and the ark. (Record no. 113875)
[ view plain ]
| 000 -LEADER | |
|---|---|
| fixed length control field | 00268nam a2200121 a 4500 |
| 001 - CONTROL NUMBER | |
| control field | 4140 |
| 005 - DATE AND TIME OF LATEST TRANSACTION | |
| control field | 20140414132042.0 |
| 008 - FIXED-LENGTH DATA ELEMENTS--GENERAL INFORMATION | |
| fixed length control field | 090218s19uu xx 00 eng d |
| 050 ## - LIBRARY OF CONGRESS CALL NUMBER | |
| Classification number | BB |
| Item number | N66 2005 |
| 100 ## - MAIN ENTRY--PERSONAL NAME | |
| Personal name | Rock, Lois |
| 245 ## - TITLE STATEMENT | |
| Title | Noah and the ark. |
| Withdrawn status | Lost status | Damaged status | Home library | Current library | Shelving location | Date acquired | Total Checkouts | Full call number | Barcode | Date last seen | Price effective from | Koha item type |
|---|---|---|---|---|---|---|---|---|---|---|---|---|
| Munich Library | Munich Library | Big Books Section | 02/18/2009 | BB N66 2005 | M5531 | 04/14/2014 | 04/14/2014 | Books |